Eurovision Song Contest Winners from 1956 part 1 - Statistics

General Stats
  • This quiz has been taken 9 times
  • The average score is 19 of 29
Answer Stats
year Country Song Artist/Band % Correct
1981 United Kingdom Making Your Mind Up Bucks Fizz
100%
1982 Germany Ein Bibchen Frieden Nicole
100%
1974 Sweden ( Infamous with a band) Waterloo ABBA
88%
1970 Ireland All Kinds of Everything Dana
88%
1965 Luxembourg Poupee de cire, Poupee de son France Gall
88%
1980 Ireland What's Another Year Johnny Logan
88%
1956 Switzerland Refrain Lys Assia
88%
1968 Spain La,La,LA Massiel
88%
1967 United Kingdom Puppet on a String Sandie Shaw
88%
1971 Monaco Un Banc, un Arbre, une rue Severine
88%
1973 Luxembourg Tu te Reconaitras Anne-Marie David
75%
1964 Italy Non ho l'eta Gigliola Cinquetti
75%
1977 France L'oiseau et l'enfant ( the bird and the child) Marie Myriam
75%
1975 Netherlands Ding-a-Dong Teach-In
75%
1966 Austria Merci, Cherie Udo Jurgens
75%
1972 Luxembourg Apres toi Vicky Leandros
75%
1976 United Kingdom Save Your Kisses For Me Brotherhood of Man
63%
1983 Luxembourg Si la vie est cadeau Corinne Hermes
63%
1957 Netherlands Net als toen Corry Brokken
63%
1959 Netherlands Een beetje Teddy Scholten
63%
1962 France Un Premier Amour Isabelle Aubret
50%
1961 Luxembourg Nous les Amoureux Jean-Claude Pascal
50%
1958 France Dors, Mon amour Andre Claveau
38%
1969 France, Netherlands, Spain,United kingdom (in order of country) Un Jour, Un Enfant, De Troubadour, Vivo Cantando, Boom Bang-a-bang Frida Boccara,Lenny Kuhr,Salome, Lulu
38%
1979 Israel Hallelujah Gali Atari and Milk and Honey
38%
1960 France Tom Pillibi Jacqueline Boyer
38%
1984 Sweden Diggi-Loo Diggi-Ley The Herreys
38%
1963 Denmark Dansevise Grethe & Jorgen Ingmann
25%
1978 Israel A-Ba-Ni-Bi Izhar Cohen & the Alphabeta
0%
No matching quizzes found
Score Distribution
Percent of People with Each Score
Percentile by Number Answered
Your Score History
You have not taken this quiz